Oclusión (Registro nro. 8826)
[ vista simple ]
| 000 -Cabecera | |
|---|---|
| Campo de control de longitud fija | 00919aam a2200361 4500 |
| 005 - Fecha y hora de la última transacción | |
| Campo de control | 20251212145410.0 |
| 008 - Elementos de longitud fija--Información general | |
| Campo de control de longitud fija | 150731b1996 xxu||||| |||| 00| 0 spa d |
| 020 ## - International Standard Book Number | |
| Número Internacional Estándar del Libro (ISBN) | 9701010825 |
| 041 ## - Idioma | |
| Código de idioma | Español |
| 082 ## - Clasificación Decimal Dewey | |
| Número de clasificación | 617.6 A819o4 |
| 100 ## - Entrada principal--Autor personal | |
| Nombre personal | Ash, Major |
| 9 (RLIN) | 18064 |
| 100 ## - Entrada principal--Autor personal | |
| Nombre personal | Ramfjord, Sigurd |
| 9 (RLIN) | 38380 |
| 245 ## - Título propiamente dicho | |
| Título | Oclusión |
| 250 ## - Edición | |
| Mención de edición | 4 edición |
| 260 ## - Pie de imprenta | |
| Lugar de publicación, distribución, etc. | México |
| 260 ## - Pie de imprenta | |
| Nombre del editor, distribuidor, etc. | McGraw-Hill |
| 260 ## - Pie de imprenta | |
| Fecha de publicación, distribución, etc. | 1996 |
| 300 ## - Descripción física | |
| Extensión | 246 páginas |
| 300 ## - Descripción física | |
| Otras características físicas | Ilustraciones a blanco y negro |
| 490 ## - Serie | |
| Título de la Serie | Mecánica Dental |
| 650 ## - Materia general | |
| Temática (materia general) | OCLUSIÓN |
| 650 ## - Materia general | |
| Temática (materia general) | ANATOMÍA DENTAL |
| 650 ## - Materia general | |
| Temática (materia general) | FISIOLOGÍA DENTAL |
| 650 ## - Materia general | |
| Temática (materia general) | FISIOPATOLOGÍAS DENTALES |
| 650 ## - Materia general | |
| Temática (materia general) | PERIODONCIA |
| 650 ## - Materia general | |
| Temática (materia general) | SISTEMA MASTICATORIO |
| 650 ## - Materia general | |
| Temática (materia general) | TERAPIA OCLUSAL |
| 650 ## - Materia general | |
| Temática (materia general) | TRASTORNOS OCLUSALES |
| 650 ## - Materia general | |
| Temática (materia general) | ORTODONCIA |
| 650 ## - Materia general | |
| Temática (materia general) | ODONTOLOGÍA RESTAURATIVA |
| 650 ## - Materia general | |
| Temática (materia general) | AJUSTE OCLUSAL |
| 942 ## - Punto de acceso adicional KOHA | |
| Tipo de ítem KOHA | Libro |
| Fuente del sistema de clasificación o colocación | Dewey Decimal Classification |
| Signatura completa | Código de barras | Programa Académico | Tipo de ítem |
|---|---|---|---|
| 617.6 A819o8 | 4028 | Mecánica Dental | Libro |
| 617.6 A819o8 | 4701 | Mecánica Dental | Libro |
| 617.6 A819o8 | 2113 | Mecánica Dental | Libro |
| 617.6 A819o8 | 14006 | Mecánica Dental | Libro |